1327 1597 1945 1125 1626 1766 1715 1303 1022 1363 1105 1156 1736 1197 1687 1759 1566 1392 1950 1749 1529 1523 1247 1412 1803 1826 1009 1140 1819 1832 1669 1519 1945 1746 1429 1469 1008 1203 1818 1524 1390 1530 1332 1143 1008 1656 1565 1913 1086 1404 1152 1474 1866 1416 1292 1305 1290 1080 1506 1772 1199 1191 1603 1274 1762 1206 1551 1075 1358 1100 1431 1331 1241 1343 1636 1261 1544 1600 1556 1837 1553 1232 1724 1521 1799 1731 1027 1952 1474 1015 1411 1947 1729 1101 1421 1603 1981 1077 1143 BCNSPRNW ULIB Ver.6.0+V

เปลี่ยนเป็นภาษาไทย

Change to English
 แสดงรายละเอียดบรรณานุกรม
  กลับหน้าหลัก

Brief Record : Get Marc (ISO 2709) : E-mail record : QR code < ปิดหน้าต่าง
LEADER : 00000nam 2200000uu 4500
001    13399108446
003     ULIB
008    110303s2009||||th 000 0 eng d
020    9780443104008 (pbk.)
020    044310400X (pbk.)
060 04 WQ500^bB583p 2009
100 1  Bick, Debra
245 10 Postnatal care :^bevidence and guidelines for management /^cDebra Bick, Christine MacArthur, Heather Winter ; with contributions from Kathy de Mott and Gill Ritchie
250    2nd ed.
260    Edinburgh :^bChurchill Livingstone/Elsevier,^c2009
300    xiii, 221 p. :^bill. ;^c24 cm. +^e10 Summary guidelines
500    Includes 10 p. of summary guidelines in back pocket
500    Rev. ed. of: Postnatal care / Debra Bick ... [et al.].2002
504    Includes bibliographical references and index
650  2 Postnatal Care^xmethods^vPractice Guideline
651  2 Great Britain
700 1  MacArthur, Christine
700 1  Winter, Heather
945    ^p0^l0^i027708
995    Kesorn
999 ^a ใช้งานได้ทุกระบบ
รายการนี้ยังไม่มีแท็ก
คุณยังไม่ได้ล็อกอิน คุณสามารถมีกิจกรรมร่วมกับเว็บไซต์ได้ แต่ต้องล็อกอินก่อน ::
  ล็อกอิน

รายการสื่อสารสนเทศ

ลำดับที่ ประเภท เลขเรียก/บาร์โค้ด สถานที่ สถานะ
- ไม่พบข้อมูล -

BibComment


ยังไม่เคยถูกคอมเมนท์

คอมเมนท์ทรัพยากรรายการนี้
  คอมเมนท์: Postnatal care e..


 Copyright 2026. Bcnsprnw @Library